| 000 | 01166nam a22003137a 4500 | ||
|---|---|---|---|
| 003 | CHAP | ||
| 005 | 20220329135953.0 | ||
| 008 | 971013s1983 r 00010 d | ||
| 010 | _a44924 | ||
| 011 | _a45896 | ||
| 035 | _a50036 | ||
| 040 | _cCHAP | ||
| 090 | _aFolleto 9708 | ||
| 100 | 0 | 0 |
_aUrrutia Campos, José. _9116995 |
| 245 | _aMetodología para la identificación, formulación, ejecución y evaluación de proyectos productivos con participación de la comunidad | ||
| 260 |
_aMéxico, D.F. : _bInstituto Nacional de Capacitación del Sector Agropecuario, _c1983 |
||
| 300 | _a32 p. | ||
| 490 |
_aCuadernos de capacitación _v; 13 |
||
| 590 |
_aBATCH-UPD _b10 _c20130110 _lUCH01 _h2004 |
||
| 590 |
_aBATCH-UPD _b10 _c20130410 _lUCH01 _h1324 |
||
| 590 |
_aBATCH-UPD _b10 _c20130914 _lUCH01 _h1109 |
||
| 590 |
_aCONVERSION _b10 _c20130109 _lUCH01 _h1325 |
||
| 650 | 1 | 4 |
_aDesarrollo de la comunidad rural. _931995 |
| 830 | 0 |
_aCuadernos de capacitación _v; 13 _929750 |
|
| 901 | _aBK | ||
| 942 | _cFOLL | ||
| 949 |
_aFolleto 9708 _bBC _cFOLL _d-112638 _eTS1 _gI.c/e _i50036 _si _t30.00 |
||
| 949 |
_aFolleto 9708 _bBC _cFOLL _d-112639 _eTS2 _fc.2 _gI.c/e _i50036 _so _t30.00 |
||
| 999 |
_c44924 _d44924 |
||